Score 0/24 Timer 08:00
0 Plays Today
% Correct
Scrubs
96%
Wonder Woman
94.9%
Supergirl
92.7%
Buffy the Vampire Slayer
87.2%
Futurama
87.1%
American Dad!
87.1%
Friday Night Lights
82.2%
Family Matters
77.7%
Taxi
71.8%
Sister, Sister
70.7%
Sabrina, the Teenage Witch
69.8%
Leave It to Beaver
68%
% Correct
Diff'rent Strokes
67.3%
Cougar Town
66.3%
Animaniacs
63.4%
Columbo
62.7%
Clueless
62.1%
JAG
61.2%
Matlock
51.3%
Get Smart
49%
Alfred Hitchcock Presents
41.7%
T.J. Hooker
40.9%
Medium
40.5%
Mystery Science Theater 3000
35.7%

You're not logged in!

Compare scores with friends on all Sporcle quizzes.
OR
Log In

Sporcle TV

Today on Sporcle TV


Watch our educational content, quiz creation guides, and fun videos on Sporcle TV.

Show Comments

Extras

Top Quizzes Today


Score Distribution

Paid Content

Your Account Isn't Verified!

In order to create a playlist on Sporcle, you need to verify the email address you used during registration. Go to your Sporcle Settings to finish the process.

Report this User

Report this user for behavior that violates our Community Guidelines.

Details: